000
00289nam a22000977a 4500
008
240220b |||||||| |||| 00| 0 eng d
082
_a
929.731
_b
C71a
100
1
0
_a
Craveri, Benedetta
_e
autor
_9
43469
245
_a
Amantes y reinas:
_b
El poder de las mujeres /
_c
Benedetta Craveri
942
_2
ddc
999
_c
30668
_d
17052